Top 100 Baby Girl Names in 2019 - Mexico - Statistics

General Stats
  • This quiz has been taken 672 times
  • The average score is 31 of 100
Answer Stats
Rank Hint Answer % Correct
18 M María
96%
1 S Sofía
82%
49 I Isabel
81%
9 V Victoria
80%
4 I Isabella
75%
99 A Ana
68%
8 S Sara
68%
6 D Daniela
66%
5 V Valeria
61%
64 J Julia
58%
42 L Laura
58%
35 E Emma
55%
10 G Gabriela
55%
66 P Paola
55%
22 P Paula
55%
2 C Camila
54%
16 L Lucía
54%
13 N Natalia
54%
3 V Valentina
54%
11 X Ximena
53%
89 D Diana
50%
45 C Carla
48%
14 M Mía
48%
40 V Vanessa
47%
62 C Carolina
45%
21 A Alejandra
43%
7 M Mariana
43%
68 E Elena
42%
25 F Fernanda
42%
87 C Clara
41%
12 A Andrea
38%
78 A Angela
38%
36 E Emilia
37%
23 E Emily
35%
70 R Rebeca
34%
52 A Adriana
33%
56 A Ariana
33%
67 A Alexa
32%
44 L Luna
31%
19 MF María Fernanda
31%
20 N Nicole
31%
48 P Paulin
31%
50 J Juliana
30%
24 MJ María José
30%
17 S Samantha
30%
73 J Julieta
29%
74 M Melissa
29%
61 Z Zoe
28%
55 A Amanda
27%
90 AM Ana María
26%
71 J Josefina
26%
98 M Marta
26%
15 M Martina
26%
38 J Juanita
25%
60 L Lola
25%
84 A Alexandra
23%
65 C Claudia
23%
54 N Naomí
23%
27 AS Ana Sofía
22%
51 V Valerie
22%
91 G Guadalupe
21%
82 F Fátima
20%
28 M Melanie
20%
75 M Michelle
20%
92 B Bárbara
19%
26 L Luciana
19%
58 N Natalie
19%
29 R Regina
19%
72 A Abigail
18%
30 C Catalina
18%
94 M Miranda
17%
32 R Renata
17%
93 B Bianca
15%
46 A Allison
14%
41 A Antonia
14%
81 S Stephanie
14%
76 A Alba
13%
83 M Manuela
13%
95 S Sabrina
13%
31 A Ashley
12%
39 B Briana
12%
63 M Micaela
11%
96 P Pilar
11%
85 P Paloma
10%
37 J Jazmín
9%
100 G Génesis
8%
69 I Isidora
7%
34 A Abril
6%
43 A Antonella
6%
97 D Dulce
6%
53 F Florencia
6%
88 LS Laura Sofía
6%
77 MC María Camila
6%
80 A Aitana
5%
59 C Constanza
4%
47 M Monserrat
4%
33 A Agustina
3%
86 C Candela
3%
79 D Delfina
2%
57 M Morena
2%
No matching quizzes found
Score Distribution
Percent of People with Each Score
Percentile by Number Answered
Your Score History
You have not taken this quiz